Pacto de gobernabilidad: a oídos sordos

En este artículo se hace referencia al llamado de concertación que hace el alcalde de San Salvador (pertenenciente al partido FMLN) para luego presentar una reflexión sobre algunos puntos de la labor del presidente Flores. Se dice que el esfuerzo de Flores por concertar no ha dado buen fruto todavía...

Descripció completa

Guardat en:
Dades bibliogràfiques
Format: Text
Matèries:
Etiquetes: Afegir etiqueta
Sense etiquetes, Sigues el primer a etiquetar aquest registre!

MARC

LEADER 00000 a a2200000 04500
001 6356
003
040
245 |a Pacto de gobernabilidad:   |b a oídos sordos 
520 |a En este artículo se hace referencia al llamado de concertación que hace el alcalde de San Salvador (pertenenciente al partido FMLN) para luego presentar una reflexión sobre algunos puntos de la labor del presidente Flores. Se dice que el esfuerzo de Flores por concertar no ha dado buen fruto todavía. En este artículo se enfocan los elementos presentes en el diálogo del presidente que revelan esto. /MSD  
650 |a PRESIDENCIA  
650 |a CONCILIACION  
650 |a POLITICA NACIONAL  
650 |a POLITICOS  
773 |g volumen 20, número 896; páginas 9-10  
999 |c 28329  |d 28329